[Event "Andorra open"]
[Site "Escaldes"]
[Date "2022.07.26"]
[Round "4.7"]
[White "Aronyak, Ghosh"]
[Black "Gatineau, Yovann"]
[Result "1-0"]
[WhiteElo "2486"]
[BlackElo "2368"]
[PlyCount "75"]
[EventDate "2022.07.24"]
[EventCountry "AND"]

1. c4 e6 2. Nc3 d5 3. d4 a6 4. cxd5 exd5 5. Bf4 Nf6 6. Nf3 Bd6 7. g3 O-O 8. Bg2
c6 9. O-O Re8 10. Qb3 a5 11. Ne5 Nh5 12. e4 Nxf4 13. gxf4 Qf6 14. exd5 Qxf4 15.
Ne2 Qf6 16. f4 a4 17. Qc4 b5 18. Qc1 cxd5 19. Bxd5 Ra7 20. Nc3 Bxe5 21. fxe5
Qg6+ 22. Kh1 b4 23. Nb5 Be6 24. Bg2 Rd7 25. Nd6 Rf8 26. d5 Bg4 27. Qf4 Rfd8 28.
Rae1 Re7 29. Qxb4 Nd7 30. Nf5 Bxf5 31. Qxe7 Rf8 32. Re3 f6 33. Rg3 Bg4 34. d6
Qh5 35. Rxg4 Qxg4 36. Bd5+ Kh8 37. Rg1 Qe6 38. Qxg7# 1-0

[Event "Andorra open"]
[Site "Escaldes"]
[Date "2022.07.26"]
[Round "4.8"]
[White "Ajay Krishna, S."]
[Black "Kogan, Arthur"]
[Result "1/2-1/2"]
[WhiteElo "2372"]
[BlackElo "2476"]
[PlyCount "93"]
[EventDate "2022.07.24"]
[EventCountry "AND"]

1. Nf3 d5 2. c4 d4 3. b4 Nf6 4. g3 c5 5. bxc5 Nc6 6. Bg2 e5 7. d3 Bxc5 8. O-O
O-O 9. Ba3 Nd7 10. Nfd2 Qe7 11. Qc1 a5 12. Nb3 Bb4 13. Bxb4 Nxb4 14. Na3 a4 15.
Nd2 Nc5 16. Nb5 a3 17. Nb1 Bg4 18. Qd2 Ra4 19. N1xa3 Rfa8 20. Rfb1 Nc6 21. Nc2
Rxa2 22. Rxa2 Rxa2 23. Bxc6 bxc6 24. Nbxd4 Qd6 25. Qg5 h5 26. Nb4 Ra8 27. Ndxc6
Bxe2 28. Qxe5 Qxe5 29. Nxe5 f6 30. Re1 Ra4 31. Rxe2 Rxb4 32. Nf3 Nxd3 33. Rc2
g6 34. Rc3 Nc5 35. Rc2 Kf7 36. h4 f5 37. Nd2 Ke6 38. Kf1 Ke5 39. Ke2 Kd4 40.
Nf3+ Ke4 41. Nd2+ Kd4 42. Ra2 Rb8 43. Nf1 Ne4 44. Rc2 Re8 45. Ne3 Nxg3+ 46.
fxg3 Rxe3+ 47. Kf2 1/2-1/2

[Event "Andorra open"]
[Site "Escaldes"]
[Date "2022.07.26"]
[Round "4.9"]
[White "Holm, Kristian Stuvik"]
[Black "Macak, Stefan"]
[Result "1/2-1/2"]
[WhiteElo "2463"]
[BlackElo "2363"]
[PlyCount "39"]
[EventDate "2022.07.24"]
[EventCountry "AND"]

1. d4 d5 2. c4 e6 3. Nf3 Nf6 4. g3 Bb4+ 5. Bd2 Be7 6. Bg2 c6 7. Qc2 O-O 8. O-O
Nbd7 9. Bf4 Nh5 10. Bc1 Nhf6 11. Nbd2 b6 12. e4 Nxe4 13. Nxe4 dxe4 14. Qxe4 Bb7
15. Rd1 Qc8 16. Bf4 c5 17. d5 Bf6 18. Qc2 Re8 19. Rd2 exd5 20. cxd5 1/2-1/2

[Event "Andorra open"]
[Site "Escaldes"]
[Date "2022.07.26"]
[Round "4.10"]
[White "Bilych, Olexiy"]
[Black "Narciso Dublan, Marc"]
[Result "1-0"]
[WhiteElo "2365"]
[BlackElo "2461"]
[PlyCount "101"]
[EventDate "2022.07.24"]
[EventCountry "AND"]

1. e4 d5 2. exd5 Qxd5 3. Nc3 Qa5 4. d4 Nf6 5. Nf3 Bf5 6. Bd2 e6 7. Ne5 Qb6 8.
Qf3 c6 9. O-O-O Nbd7 10. Bd3 Bxd3 11. Qxd3 Rd8 12. Qg3 Qxd4 13. Nxd7 Qxd7 14.
Bg5 Bd6 15. Qh4 Qc7 16. Ne4 Be7 17. Bxf6 gxf6 18. Nxf6+ Bxf6 19. Qxf6 Rg8 20.
g3 Qe7 21. Qc3 Rxd1+ 22. Rxd1 f5 23. Qe3 a6 24. Kb1 Kf7 25. Qh6 Rg7 26. a3 Kg8
27. Qf4 Rf7 28. Rd6 Qf6 29. h4 h6 30. Qe3 Re7 31. f4 Kf7 32. a4 Qg7 33. a5 Qf6
34. Ka2 Qg6 35. c3 Qg8 36. Kb3 Qg4 37. c4 Qh3 38. Kb4 Qg2 39. Rd2 Qf1 40. Rd8
Qa1 41. Qe5 c5+ 42. Kb3 Qxa5 43. Qh8 Qb4+ 44. Kc2 Qxc4+ 45. Kd2 Qb4+ 46. Ke2
Qb5+ 47. Kf2 Re8 48. Rd7+ Qxd7 49. Qh7+ Kf6 50. Qxd7 Re7 51. Qc8 1-0

[Event "Andorra open"]
[Site "Escaldes"]
[Date "2022.07.26"]
[Round "4.11"]
[White "Krayz, Alexander"]
[Black "Girel, Joseph"]
[Result "1/2-1/2"]
[WhiteElo "2342"]
[BlackElo "2414"]
[PlyCount "73"]
[EventDate "2022.07.24"]
[EventCountry "AND"]

1. e4 e5 2. Nf3 Nc6 3. Bc4 Bc5 4. c3 Nf6 5. d3 O-O 6. Nbd2 d5 7. exd5 Nxd5 8.
Ne4 Be7 9. O-O Bg4 10. h3 Bh5 11. Ng3 Bg6 12. Re1 Nb6 13. Bb5 Bd6 14. Bxc6 bxc6
15. Nxe5 Bxe5 16. Rxe5 Qxd3 17. Qxd3 Bxd3 18. Bf4 Nd5 19. Bd2 a5 20. Rc1 Rfb8
21. b3 a4 22. c4 Nb4 23. Bxb4 Rxb4 24. Rc3 Bb1 25. Re2 axb3 26. axb3 Ba2 27.
Ree3 Rab8 28. Nf5 Rxb3 29. Rxb3 Bxb3 30. Ne7+ Kf8 31. Nxc6 Rb6 32. Ne5 Ba4 33.
Ra3 Be8 34. Ra7 f6 35. Nd3 Rc6 36. c5 Ke7 37. Ra5 1/2-1/2

[Event "Andorra open"]
[Site "Escaldes"]
[Date "2022.07.26"]
[Round "4.12"]
[White "Adla, Diego"]
[Black "Karthik, Rajaa"]
[Result "1/2-1/2"]
[WhiteElo "2407"]
[BlackElo "2331"]
[PlyCount "91"]
[EventDate "2022.07.24"]
[EventCountry "AND"]

1. e4 c6 2. d4 d5 3. exd5 cxd5 4. c4 Nf6 5. Nc3 Nc6 6. Nf3 Bg4 7. Be3 e6 8. c5
Be7 9. Bb5 O-O 10. h3 Bh5 11. g4 Bg6 12. Bxc6 bxc6 13. Ne5 Qc8 14. Qa4 Re8 15.
Qxc6 Qb8 16. O-O-O Ne4 17. Nxg6 hxg6 18. Nxe4 dxe4 19. Qxe4 Qb4 20. Qc2 Rec8
21. f4 Rab8 22. h4 Qb7 23. Rhf1 Qd5 24. Kb1 Rb4 25. f5 Rcb8 26. Bc1 gxf5 27.
gxf5 e5 28. dxe5 Qxe5 29. Rde1 Qxc5 30. Qxc5 Bxc5 31. h5 Rg4 32. h6 gxh6 33.
Bxh6 Rg2 34. Bc1 Bd4 35. b3 Rc8 36. Re4 Bf6 37. Rc4 Rxc4 38. bxc4 Be5 39. Re1
f6 40. Rd1 Rg4 41. Rd8+ Kf7 42. Rd7+ Ke8 43. Rxa7 Rxc4 44. Rb7 Kd8 45. Bb2 Bxb2
46. Kxb2 1/2-1/2

[Event "Andorra open"]
[Site "Escaldes"]
[Date "2022.07.26"]
[Round "4.13"]
[White "Almagro Llamas, Pablo"]
[Black "Torres Rosas, Luis Carlos"]
[Result "1-0"]
[WhiteElo "2394"]
[BlackElo "2323"]
[PlyCount "38"]
[EventDate "2022.07.24"]
[EventCountry "AND"]

1. d4 Nf6 2. Nf3 e6 3. c4 d5 4. Nc3 Bb4 5. e3 O-O 6. Bd3 b6 7. O-O Bb7 8. cxd5
exd5 9. Ne5 Nbd7 10. f4 a6 11. Bd2 Be7 12. Qf3 c5 13. Qh3 g6 14. Rad1 cxd4 15.
exd4 b5 16. f5 Nxe5 17. dxe5 Ne4 18. Bxe4 dxe4 19. Be3 Qc8 1-0

[Event "Andorra open"]
[Site "Escaldes"]
[Date "2022.07.26"]
[Round "4.14"]
[White "Defromont, Benjamin"]
[Black "Glavina, Pablo"]
[Result "0-1"]
[WhiteElo "2268"]
[BlackElo "2394"]
[PlyCount "152"]
[EventDate "2022.07.24"]
[EventCountry "AND"]

1. e4 e5 2. Nf3 Nc6 3. Bb5 Bc5 4. O-O Qf6 5. c3 Nge7 6. d3 h6 7. Be3 Bb6 8. Re1
O-O 9. Nbd2 d6 10. Nc4 Bg4 11. Nxb6 axb6 12. d4 Ng6 13. Be2 Nf4 14. Bxf4 Qxf4
15. g3 Qf6 16. d5 Ne7 17. Nh4 Bc8 18. Rf1 g5 19. Ng2 Qg6 20. f4 gxf4 21. gxf4
Bh3 22. Bf3 f5 23. Qe2 exf4 24. e5 Bxg2 25. Bxg2 Nxd5 26. Kh1 Qe6 27. Qc4 c6
28. exd6 Qxd6 29. Rxf4 Kh7 30. Rd4 Rad8 31. Rad1 Qf6 32. Bxd5 cxd5 33. Rxd5
Rxd5 34. Rxd5 Qe6 35. Qc7+ Rf7 36. Qe5 Qg6 37. Qf4 Re7 38. Qf2 f4 39. Rd1 Qe4+
40. Qg2 f3 41. Qf2 b5 42. Rf1 Rf7 43. a3 h5 44. Re1 Qf5 45. Rf1 Qf4 46. Rg1 h4
47. Qc5 Kh6 48. Qb6+ Qf6 49. Qe3+ Kh5 50. Qc5+ Qf5 51. Qd4 Rf6 52. Qf2 b6 53.
Rg8 Qb1+ 54. Rg1 Qe4 55. Rg8 Rd6 56. Rh8+ Kg5 57. Qg1+ Kf5 58. Rf8+ Rf6 59.
Rxf6+ Kxf6 60. Qxb6+ Kf5 61. Qc5+ Kf4 62. Qf2 Qb1+ 63. Qg1 Qd3 64. Qe1 Qe2 65.
Qxh4+ Kf5 66. Qh7+ Ke6 67. Qg8+ Kd6 68. Qd8+ Kc6 69. Qf6+ Kb7 70. Qg7+ Ka6 71.
Qf6+ Ka5 72. Qd8+ Ka4 73. Qa8+ Kb3 74. Qg8+ Kxb2 75. h4 f2 76. Qa2+ Kxa2 0-1

[Event "Andorra open"]
[Site "Escaldes"]
[Date "2022.07.26"]
[Round "4.15"]
[White "Cuartas, Jaime Alexander"]
[Black "Morros Faura, Ricard"]
[Result "1-0"]
[WhiteElo "2513"]
[BlackElo "2202"]
[PlyCount "106"]
[EventDate "2022.07.24"]
[EventCountry "AND"]

1. e4 c5 2. Nf3 e6 3. g3 d5 4. exd5 exd5 5. d4 cxd4 6. Nxd4 Nc6 7. Bg2 Nf6 8.
O-O Be7 9. Nc3 Bg4 10. Qd3 Qd7 11. Bg5 O-O 12. Rfe1 Bd8 13. Nxc6 bxc6 14. Na4
h6 15. Bf4 Be7 16. Qd4 Rfe8 17. c4 c5 18. Nxc5 Bxc5 19. Rxe8+ Rxe8 20. Qxc5 Rc8
21. Qb5 Rxc4 22. Qxd7 Bxd7 23. Be5 Ne4 24. f3 Nc5 25. Rd1 Be6 26. Rd2 a5 27.
Bc3 Nd7 28. Kf2 Rc5 29. Bf1 Nb8 30. Ke3 Nc6 31. a3 f6 32. f4 Kf7 33. Bd3 Ke7
34. Rc2 Kd7 35. Bd4 Rxc2 36. Bxc2 Kd6 37. Bb6 Bd7 38. Bd1 g6 39. Kd3 f5 40. Kc3
Be6 41. Ba4 d4+ 42. Bxd4 Nxd4 43. Kxd4 g5 44. h4 gxh4 45. gxh4 Bf7 46. Bc2 Be6
47. b4 axb4 48. axb4 Bd7 49. Bd3 Be8 50. b5 Bd7 51. Bc4 Be8 52. b6 Bc6 53. Ba6
Bf3 1-0

[Event "Andorra open"]
[Site "Escaldes"]
[Date "2022.07.26"]
[Round "4.16"]
[White "Arpan, Das (Jr)"]
[Black "Lopez Martinez, Josep Manuel"]
[Result "0-1"]
[WhiteElo "2178"]
[BlackElo "2486"]
[PlyCount "77"]
[EventDate "2022.07.24"]
[EventCountry "AND"]

1. e4 c5 2. Nf3 e6 3. d4 cxd4 4. Nxd4 a6 5. Bd3 Bc5 6. Nb3 Be7 7. Qg4 Bf6 8. f4
d6 9. c3 Nc6 10. Be3 e5 11. f5 h5 12. Qf3 Bg5 13. N1d2 Bxe3 14. Qxe3 Nf6 15. a4
Rb8 16. a5 O-O 17. h3 d5 18. exd5 Nxd5 19. Qf3 Nf4 20. Be4 h4 21. Nc4 Qg5 22.
Qg4 Qh6 23. O-O f6 24. Rad1 Qg5 25. Nbd2 Qxg4 26. hxg4 g6 27. Rf2 Ne7 28. Nd6
b6 29. axb6 Rxb6 30. N2c4 Rb8 31. Rff1 g5 32. Rd2 Kg7 33. Ra1 Rd8 34. b4 Kf8
35. Rad1 Rd7 36. Ra1 Rc7 37. Ra3 Ng8 38. Kf2 Nh6 39. Kf3 {Resto ilegible} 0-1

[Event "Andorra open"]
[Site "Escaldes"]
[Date "2022.07.26"]
[Round "4.17"]
[White "Serra Pages, Jordi"]
[Black "Laurent-Paoli, Pierre"]
[Result "1/2-1/2"]
[WhiteElo "2170"]
[BlackElo "2481"]
[PlyCount "111"]
[EventDate "2022.07.24"]
[EventCountry "AND"]

1. d4 Nf6 2. c4 c5 3. Nf3 cxd4 4. Nxd4 e5 5. Nc2 d5 6. cxd5 Qxd5 7. Qxd5 Nxd5
8. e4 Nb4 9. Bb5+ Bd7 10. Bxd7+ Nxd7 11. Nxb4 Bxb4+ 12. Bd2 Rc8 13. Nc3 Nb6 14.
a3 Bc5 15. b3 Ke7 16. Ke2 Ke6 17. Rhc1 Rhd8 18. Nd1 Nd7 19. b4 Be7 20. Be3 a6
21. Nc3 Bd6 22. Nd5 Rc6 23. Rxc6 bxc6 24. Nb6 Nxb6 25. Bxb6 Rb8 26. Be3 Rb5 27.
Rc1 Kd7 28. Bc5 Bxc5 29. Rxc5 Kd6 30. Rc4 a5 31. Kd3 axb4 32. axb4 Rb7 33. Kc2
Ra7 34. Kb2 Ra4 35. f3 Kc7 36. Kb3 Ra1 37. Rc2 Rg1 38. Kc4 Kb6 39. Rd2 f6 40.
Rc2 h5 41. h3 Rd1 42. Ra2 h4 43. Rc2 g6 44. Kb3 Rd3+ 45. Kc4 Rd4+ 46. Kb3 Rd1
47. Kc4 f5 48. exf5 gxf5 49. Re2 Rd5 50. Re3 Kc7 51. f4 e4 52. g4 Rd3 53. Re1
fxg4 54. hxg4 Rg3 55. Rxe4 Rxg4 56. Re5 1/2-1/2

[Event "Andorra open"]
[Site "Escaldes"]
[Date "2022.07.26"]
[Round "4.18"]
[White "Mai, Alexander Oliver"]
[Black "Boyer, Mahel"]
[Result "0-1"]
[WhiteElo "2159"]
[BlackElo "2439"]
[PlyCount "84"]
[EventDate "2022.07.24"]
[EventCountry "AND"]

1. e4 c5 2. Nf3 a6 3. c4 e6 4. d4 cxd4 5. Nxd4 Nf6 6. Nc3 Qc7 7. a3 b6 8. Bd3
Bb7 9. Qe2 d6 10. O-O Nbd7 11. Bd2 Ne5 12. b3 Nxd3 13. Qxd3 Be7 14. Rac1 O-O
15. f3 Rac8 16. Be3 Qb8 17. a4 Bd8 18. Kh1 Bc7 19. Bg1 Rfd8 20. Qe2 h5 21. Qf2
Rd7 22. Qh4 Bd8 23. Qh3 Rdc7 24. Nde2 Ba8 25. Be3 Rd7 26. Rfd1 g6 27. Bf4 Rc5
28. Be3 Rc8 29. Bf4 Bc7 30. Rd3 Rcd8 31. Rcd1 Qc8 32. Be3 Bb7 33. R3d2 Re7 34.
Re1 Nd7 35. Rb1 Ne5 36. Rc1 Qd7 37. Rcd1 Qe8 38. Nf4 Qf8 39. Qg3 Qg7 40. Bd4
Qh6 41. Nh3 Nc6 42. Bg1 Rf8 {Resto ilegible} 0-1

[Event "Andorra open"]
[Site "Escaldes"]
[Date "2022.07.26"]
[Round "4.19"]
[White "Cruz Lledo, Pablo"]
[Black "Anustoop, Biswas"]
[Result "1/2-1/2"]
[WhiteElo "2433"]
[BlackElo "2175"]
[PlyCount "153"]
[EventDate "2022.07.24"]
[EventCountry "AND"]

1. d4 d5 2. c4 c6 3. Nf3 Nf6 4. e3 e6 5. Nc3 Nbd7 6. Qc2 Bd6 7. g4 h6 8. h3 e5
9. cxd5 cxd5 10. Nb5 Bb8 11. Bd2 e4 12. Rc1 O-O 13. Bb4 Re8 14. Nd2 Nf8 15.
Bxf8 Rxf8 16. Nc7 Bxc7 17. Qxc7 Bd7 18. Qxd8 Rfxd8 19. Nb3 Rac8 20. Rxc8 Rxc8
21. Kd2 Ne8 22. Nc5 Bc6 23. Be2 Nd6 24. Rc1 Kf8 25. b3 Ke7 26. f3 f6 27. fxe4
dxe4 28. h4 a5 29. Rb1 b6 30. Na4 Bxa4 31. bxa4 Rb8 32. h5 Ke6 33. Bd1 Ke7 34.
Bb3 Rf8 35. Rg1 Rc8 36. Bd5 Nc4+ 37. Ke2 Nd6 38. Rb1 Rc2+ 39. Ke1 Rg2 40. Rxb6
Rxg4 41. Ra6 Rg3 42. Ra7+ Kd8 43. Be6 Rxe3+ 44. Kf2 Rf3+ 45. Ke2 Nf5 46. Bxf5
Rxf5 47. Rxg7 Rf3 48. Ra7 f5 49. Rxa5 Ke7 50. Rb5 Rd3 51. Rxf5 Rxd4 52. a5 Rd3
53. a4 Rd4 54. Ke3 Rxa4 55. Kf4 Ke6 56. Rb5 Kf7 57. Rb7+ Ke8 58. Ra7 Kf8 59. a6
Ke8 60. Ke3 Kf8 61. Kf4 Ke8 62. Ra8+ Kf7 63. a7 Kg7 64. Ke3 Kh7 65. Kf4 Kg7 66.
Ke3 Kh7 67. Re8 Rxa7 68. Kxe4 Ra5 69. Re5 Rxe5+ 70. Kxe5 Kh8 71. Kf6 Kh7 72.
Kf7 Kh8 73. Kg6 Kg8 74. Kxh6 Kh8 75. Kg6 Kg8 76. h6 Kh8 77. h7 1/2-1/2

[Event "Andorra open"]
[Site "Escaldes"]
[Date "2022.07.26"]
[Round "4.20"]
[White "Rojas Keim, Luis"]
[Black "Saya, Ethan"]
[Result "1-0"]
[WhiteElo "2375"]
[BlackElo "2171"]
[PlyCount "59"]
[EventDate "2022.07.24"]
[EventCountry "AND"]

1. e4 e6 2. d3 d5 3. Nd2 Nf6 4. Ngf3 c5 5. g3 Nc6 6. Bg2 Be7 7. O-O O-O 8. e5
Nd7 9. Re1 b5 10. Nf1 Bb7 11. h4 Qc7 12. Bf4 Rfc8 13. Ne3 Bf8 14. Ng5 Ndxe5 15.
Ng4 Bd6 16. Nxe5 Nxe5 17. Qh5 h6 18. Nxe6 fxe6 19. Bxe5 Rf8 20. Bxg7 Qxg7 21.
Rxe6 Rf6 22. Rxf6 Qxf6 23. Bxd5+ Kg7 24. Bxb7 Rf8 25. Qe2 Qxb2 26. Qg4+ Kh8 27.
Re1 Qf6 28. Re2 Bxg3 29. fxg3 Qf1+ 30. Kh2 1-0

[Event "Andorra open"]
[Site "Escaldes"]
[Date "2022.07.27"]
[Round "5.1"]
[White "Iniyan, P."]
[Black "Almagro Llamas, Pablo"]
[Result "1/2-1/2"]
[WhiteElo "2533"]
[BlackElo "2394"]
[PlyCount "148"]
[EventDate "2022.07.24"]
[EventCountry "AND"]

1. d4 d5 2. c4 c6 3. Nf3 Nf6 4. Nc3 dxc4 5. a4 Bf5 6. e3 e6 7. Bxc4 Bb4 8. O-O
Nbd7 9. Qe2 O-O 10. e4 Bg4 11. Rd1 a5 12. e5 Nd5 13. Ne4 Be7 14. Ng3 f6 15.
exf6 Bxf6 16. Ra3 e5 17. Qe4 Bxf3 18. Rxf3 exd4 19. Nh5 Nc5 20. Qg4 Be5 21. Rg3
Qd7 22. f4 Qxg4 23. Rxg4 Bf6 24. Nxf6+ Rxf6 25. Rxd4 Rd8 26. Rg5 Ne6 27. Bxd5
cxd5 28. Rgxd5 Rc8 29. Rd1 Nxf4 30. Bxf4 Rxf4 31. Rxa5 Rc2 32. Rb5 h6 33. Rb3
Rxa4 34. h3 Rc7 35. Rd8+ Kh7 36. Rb8 Ra7 37. Rb6 Rf7 38. Kh2 Re7 39. Kg3 Rf7
40. Rb4 Ra6 41. R8xb7 Rg6+ 42. Kh2 Rf2 43. Rg4 Rxg4 44. hxg4 Kg6 45. Rb5 Rf1
46. Kg3 Rb1 47. Rb6+ Kg5 48. Rb7 Kg6 49. Rb5 Rf1 50. Rd5 Rb1 51. Rd2 Kg5 52.
Rf2 Kg6 53. Kh2 Kg5 54. Kh3 Rh1+ 55. Kg3 Rb1 56. Rd2 Kg6 57. Kf4 Rf1+ 58. Ke5
Rb1 59. Ke6 Kg5 60. Kf7 Kxg4 61. Kxg7 Kg5 62. Rd5+ Kf4 63. Rb5 Rg1 64. Rb4+ Kf5
65. g4+ Rxg4+ 66. Rxg4 Kxg4 67. b4 h5 68. b5 h4 69. b6 h3 70. b7 h2 71. b8=Q
h1=Q 72. Qc8+ Kg3 73. Qc3+ Qf3 74. Qxf3+ Kxf3 1/2-1/2

[Event "Andorra open"]
[Site "Escaldes"]
[Date "2022.07.27"]
[Round "5.2"]
[White "Glavina, Pablo"]
[Black "Neugebauer, Martin"]
[Result "1/2-1/2"]
[WhiteElo "2394"]
[BlackElo "2528"]
[PlyCount "95"]
[EventDate "2022.07.24"]
[EventCountry "AND"]

1. e4 c5 2. c3 d5 3. exd5 Qxd5 4. d4 g6 5. dxc5 Qxc5 6. Na3 Bd7 7. Be3 Qc7 8.
Nb5 Bxb5 9. Bxb5+ Nc6 10. Qa4 Bh6 11. Bxh6 Nxh6 12. Nf3 O-O 13. Bxc6 bxc6 14.
O-O Rab8 15. b3 e5 16. Rfe1 f6 17. Rad1 Rbd8 18. Rxd8 Rxd8 19. Qh4 Kg7 20. Qc4
Rd5 21. g3 Nf7 22. Kg2 Qd7 23. Qe2 Rd3 24. Qc2 Qd5 25. Re3 Rxe3 26. fxe3 Ng5
27. Qe2 Nxf3 28. Qxf3 Qd2+ 29. Qf2 Qxc3 30. e4 Qd4 31. Qc2 c5 32. Kf3 h5 33. h4
a5 34. Kg2 Kf7 35. Qe2 Ke7 36. a4 c4 37. bxc4 Kd6 38. c5+ Kc7 39. g4 hxg4 40.
Qxg4 f5 41. Qxg6 Qxe4+ 42. Kg1 Qe1+ 43. Kg2 Qe2+ 44. Kh3 Qf3+ 45. Kh2 Qf2+ 46.
Kh3 Qf3+ 47. Kh2 Qf2+ 48. Kh3 1/2-1/2

[Event "Andorra open"]
[Site "Escaldes"]
[Date "2022.07.27"]
[Round "5.3"]
[White "Aronyak, Ghosh"]
[Black "Sokolovsky, Yahli"]
[Result "1/2-1/2"]
[WhiteElo "2486"]
[BlackElo "2386"]
[PlyCount "30"]
[EventDate "2022.07.24"]
[EventCountry "AND"]

1. c4 Nf6 2. Nf3 g6 3. b3 Bg7 4. Bb2 O-O 5. g3 c6 6. Bg2 d5 7. O-O Bg4 8. d3
Bxf3 9. Bxf3 Re8 10. d4 Ne4 11. Nc3 f5 12. Bg2 Nxc3 13. Bxc3 e6 14. Qc2 Nd7 15.
Rad1 Qb6 1/2-1/2

[Event "Andorra open"]
[Site "Escaldes"]
[Date "2022.07.27"]
[Round "5.4"]
[White "Bilych, Olexiy"]
[Black "Rathanvel, V S."]
[Result "0-1"]
[WhiteElo "2365"]
[BlackElo "2478"]
[PlyCount "76"]
[EventDate "2022.07.24"]
[EventCountry "AND"]

1. e4 c5 2. Nf3 d6 3. d4 cxd4 4. Nxd4 Nf6 5. Nc3 a6 6. Bg5 e6 7. f4 Qb6 8. Qd3
Qxb2 9. Rb1 Qa3 10. f5 Be7 11. fxe6 fxe6 12. Be2 Qa5 13. Bd2 Qc7 14. g4 h6 15.
Qh3 O-O 16. g5 hxg5 17. Nxe6 Qc6 18. Qf5 Nxe4 19. Qg6 Bf6 20. Nxe4 Bxe6 21. Rf1
Nd7 22. Nxg5 Rfe8 23. Qh7+ Kf8 24. Kd1 Bg8 25. Qg6 Rxe2 26. Kxe2 Qg2+ 27. Rf2
Qg4+ 28. Rf3 Ne5 29. Qf5 Qc4+ 30. Kf2 Nxf3 31. Nxf3 Bd5 32. Bg5 Be4 33. Qf4
Qxc2+ 34. Kg3 Qxb1 35. Bxf6 Kg8 36. Ng5 Qd3+ 37. Kh4 Bg6 38. Be7 Rc8 0-1

[Event "Andorra open"]
[Site "Escaldes"]
[Date "2022.07.27"]
[Round "5.5"]
[White "Zoler, Dan"]
[Black "Vestby-Ellingsen, Mads"]
[Result "1-0"]
[WhiteElo "2449"]
[BlackElo "2351"]
[PlyCount "85"]
[EventDate "2022.07.24"]
[EventCountry "AND"]

1. d4 Nf6 2. c4 e6 3. Nc3 Bb4 4. Bd2 O-O 5. e3 d5 6. Nf3 b6 7. Rc1 Bb7 8. cxd5
exd5 9. Bd3 Re8 10. O-O a6 11. Ne5 Bf8 12. f4 c5 13. Be1 Nc6 14. Ne2 Rc8 15.
Bf5 Rc7 16. Bh4 cxd4 17. exd4 Be7 18. Qb3 b5 19. Qh3 g6 20. Be6 Rf8 21. Nxf7
Rxf7 22. Bxf7+ Kxf7 23. Bxf6 Bxf6 24. Qxh7+ Kf8 25. Qxg6 Qe7 26. Qd3 Qg7 27.
Kh1 Re7 28. f5 Nxd4 29. Nxd4 Bxd4 30. f6 Bxf6 31. Rxf6+ Qxf6 32. Rf1 Qxf1+ 33.
Qxf1+ Ke8 34. Kg1 Re4 35. Qf6 Kd7 36. h4 d4 37. h5 b4 38. h6 d3 39. Qg5 Re1+
40. Kh2 Be4 41. Qg7+ Ke8 42. h7 Bxh7 43. Qh8+ 1-0

[Event "Andorra open"]
[Site "Escaldes"]
[Date "2022.07.27"]
[Round "5.6"]
[White "Kobo, Ori"]
[Black "Rojas Keim, Luis"]
[Result "1-0"]
[WhiteElo "2534"]
[BlackElo "2375"]
[PlyCount "193"]
[EventDate "2022.07.24"]
[EventCountry "AND"]

1. e4 e6 2. d4 d5 3. Nc3 Bb4 4. e5 c5 5. a3 Bxc3+ 6. bxc3 Ne7 7. Qg4 Kf8 8. a4
Qc7 9. Qd1 b6 10. Nf3 h6 11. h4 Ba6 12. Bb5 cxd4 13. cxd4 Bxb5 14. axb5 a5 15.
O-O Nd7 16. Ba3 Qc4 17. Rb1 Rc8 18. Qc1 Ke8 19. Bxe7 Kxe7 20. Qa3+ Ke8 21. Rfc1
g5 22. hxg5 hxg5 23. Qe3 g4 24. Nh2 Rg8 25. Qf4 Qa4 26. c3 Qa2 27. Nxg4 Qe2 28.
f3 Rc4 29. Qe3 Qa2 30. Ra1 Qb2 31. Rab1 Qa2 32. Qf2 Qxf2+ 33. Kxf2 Ra4 34. Ra1
Rxa1 35. Rxa1 Ke7 36. Ne3 Rc8 37. Ra3 f6 38. f4 fxe5 39. fxe5 Nf8 40. Ke2 Ng6
41. g3 Kd7 42. Kd3 Ne7 43. Ra2 Rh8 44. Rf2 Rh1 45. g4 Rb1 46. g5 Rxb5 47. Rf8
Rb2 48. Ng4 Rg2 49. Nf6+ Kc7 50. Rf7 Kd8 51. Rf8+ Kc7 52. Re8 Ng6 53. Ke3 Rg3+
54. Kf2 Rxg5 55. Rxe6 Nf4 56. Rd6 Rf5 57. Ke3 a4 58. Kd2 Kb7 59. Kc2 b5 60. e6
Rxf6 61. e7 Rxd6 62. e8=Q Rc6 63. Qf7+ Ka6 64. Qxf4 b4 65. Qb8 Rxc3+ 66. Kd2
Ka5 67. Qa8+ Kb5 68. Qxd5+ Kb6 69. Qd6+ Kb5 70. Qd7+ Ka5 71. Qa7+ Kb5 72. Qd7+
Kc4 73. Qxa4 Ra3 74. Qd7 Rd3+ 75. Kc1 Rxd4 76. Qc6+ Kd3 77. Qf3+ Kc4 78. Kc2
Rd5 79. Qe4+ Kc5 80. Kb3 Rd4 81. Qe5+ Rd5 82. Qc7+ Kd4 83. Qf4+ Kc5 84. Qxb4+
Kc6 85. Kc4 Re5 86. Qa4+ Kb6 87. Qb3+ Kc6 88. Kd4 Rb5 89. Qe6+ Kb7 90. Kc4 Rb6
91. Qd7+ Kb8 92. Kc5 Rb7 93. Qd8+ Ka7 94. Kc6 Rb3 95. Qa5+ Kb8 96. Qe5+ Ka7 97.
Qg7+ 1-0

[Event "Andorra open"]
[Site "Escaldes"]
[Date "2022.07.27"]
[Round "5.7"]
[White "Asis Gargatagli, Hipolito"]
[Black "Jolly, Jean-Francois"]
[Result "1-0"]
[WhiteElo "2514"]
[BlackElo "2388"]
[PlyCount "45"]
[EventDate "2022.07.24"]
[EventCountry "AND"]

1. e4 c5 2. c3 d5 3. exd5 Qxd5 4. d4 Nf6 5. Nf3 Bg4 6. Nbd2 Nc6 7. dxc5 O-O-O
8. h3 Bh5 9. Bc4 Qxc5 10. Qa4 Ne5 11. Be2 Nd3+ 12. Bxd3 Rxd3 13. O-O e5 14. Nb3
Qd5 15. Nxe5 Rd1 16. Bf4 Rxf1+ 17. Rxf1 Bd6 18. Re1 Re8 19. Nd3 Be2 20. Bxd6
Qxd3 21. Bg3 Qa6 22. Qf4 Qb6 23. Qf5+ 1-0

[Event "Andorra open"]
[Site "Escaldes"]
[Date "2022.07.27"]
[Round "5.8"]
[White "Alonso Garcia, Aaron"]
[Black "Cuartas, Jaime Alexander"]
[Result "1/2-1/2"]
[WhiteElo "2374"]
[BlackElo "2513"]
[PlyCount "135"]
[EventDate "2022.07.24"]
[EventCountry "AND"]

1. e4 c6 2. d4 d5 3. Nc3 dxe4 4. Nxe4 Nd7 5. Ng5 Ngf6 6. Bd3 e6 7. N1f3 Bd6 8.
Qe2 h6 9. Ne4 Nxe4 10. Qxe4 Nf6 11. Qe2 Qc7 12. Bd2 b6 13. O-O-O Bb7 14. Rhe1
O-O-O 15. Kb1 Kb8 16. a3 c5 17. dxc5 Qxc5 18. Be3 Qc8 19. Bd4 Bc7 20. Be5 Bxf3
21. Qxf3 Bxe5 22. Rxe5 Qc7 23. Ree1 Rd5 24. g3 Rhd8 25. c3 R5d7 26. Bc2 Rxd1+
27. Rxd1 Rxd1+ 28. Qxd1 Qd7 29. Kc1 Qxd1+ 30. Kxd1 Kc7 31. Ke2 Kd6 32. h3 g5
33. f4 gxf4 34. gxf4 Nh5 35. Ke3 e5 36. fxe5+ Kxe5 37. Kf3 f5 38. Bd3 Nf4 39.
Bf1 Ne6 40. Bd3 Nf4 41. Bf1 h5 42. Kg3 Ng6 43. Bd3 h4+ 44. Kf3 Nf4 45. Bf1 Ne6
46. Ke3 Ng5 47. Bg2 f4+ 48. Ke2 Nf7 49. Kd3 Ng5 50. Ke2 Kf5 51. Kf2 Nf7 52. Ke2
Ne5 53. Bd5 b5 54. b4 Kf6 55. Bb3 Ke7 56. a4 bxa4 57. Bxa4 Kd6 58. Bb3 Kc6 59.
Ba4+ Kb6 60. Be8 a5 61. Kf2 axb4 62. cxb4 Kc7 63. b5 Kb6 64. Ke2 Kc5 65. Kf2
Kb6 66. Ke2 Kc7 67. Kf2 Kb6 68. Ke2 1/2-1/2

[Event "Andorra open"]
[Site "Escaldes"]
[Date "2022.07.27"]
[Round "5.9"]
[White "Karthik, Rajaa"]
[Black "Solodovnichenko, Yuri"]
[Result "1/2-1/2"]
[WhiteElo "2331"]
[BlackElo "2497"]
[PlyCount "56"]
[EventDate "2022.07.24"]
[EventCountry "AND"]

1. d4 d5 2. Nf3 e6 3. c4 c6 4. b3 Nd7 5. e3 Ngf6 6. Bd3 Ne4 7. O-O f5 8. Bb2 b6
9. Nc3 Bd6 10. Ne2 Qf6 11. Qc1 O-O 12. cxd5 exd5 13. Ne5 Bxe5 14. dxe5 Qh6 15.
b4 Bb7 16. f3 Ng5 17. f4 Ne4 18. Qd1 c5 19. Nc3 Nxc3 20. Bxc3 Qe6 21. Qe2 Rac8
22. Rac1 cxb4 23. Bxb4 Nc5 24. Rfd1 Rf7 25. h3 Rfc7 26. Bxc5 bxc5 27. Qc2 g6
28. Be2 Kg7 1/2-1/2

[Event "Andorra open"]
[Site "Escaldes"]
[Date "2022.07.27"]
[Round "5.10"]
[White "Lopez Martinez, Josep Manuel"]
[Black "Ajay Krishna, S."]
[Result "1-0"]
[WhiteElo "2486"]
[BlackElo "2372"]
[PlyCount "83"]
[EventDate "2022.07.24"]
[EventCountry "AND"]

1. Nf3 d5 2. e3 e6 3. c4 Nf6 4. b3 Be7 5. Bb2 O-O 6. Be2 b6 7. cxd5 exd5 8. O-O
Bb7 9. d4 c5 10. Nc3 Nbd7 11. Bd3 Ne4 12. Ne2 a5 13. Rc1 Ndf6 14. Ne5 Nd6 15.
Nf4 a4 16. Rc2 axb3 17. axb3 Nde4 18. Qe2 Bd6 19. Rd1 Qe7 20. f3 Ng5 21. Qf2
Ne6 22. Qh4 h6 23. Nh5 Nxh5 24. Qxh5 Rfc8 25. Qf5 Nf8 26. Rdc1 cxd4 27. exd4
Rxc2 28. Rxc2 f6 29. Ng4 Qe1+ 30. Bf1 Ra2 31. Re2 Qd1 32. Re8 Kf7 33. Re2 Qxb3
34. Qh5+ Ng6 35. Nxh6+ gxh6 36. Qxh6 Bf8 37. Qh7+ Bg7 38. Qh3 Nf8 39. Qh5+ Kg8
40. Re7 Ne6 41. Rxe6 Ra8 42. Re7 1-0